| 000 | 00637nam a22001457a 4500 | ||
|---|---|---|---|
| 999 |
_c39326 _d39326 |
||
| 082 |
_a170.44 _bMIT-L |
||
| 100 | _aSwami, Mitrananda | ||
| 245 |
_aLiving in Harmony/ _cSwami Mitrananda |
||
| 260 |
_aGuwahati: _bVivekananda Kendra Institute of Culture, _c2011. |
||
| 300 | _a32p. | ||
| 520 | _aLiving in Harmony is a philosophical work rooted in Vedantic teachings, aiming to inspire to achieve balance and harmony in life. Living in Harmony serves as a guide for achieving balance and unity in life through spiritual practices and ethical living. | ||
| 650 | _aSocial Ethics | ||
| 650 | _aHarmony – Social aspects | ||
| 942 |
_2ddc _cBK |
||